| 000 | 00670nam a2200217 a 4500 | ||
|---|---|---|---|
| 008 | |||
| 020 | _a0850923484 (pbk.) | ||
| 049 | _aMAIN | ||
| 090 | 0 | 0 | _aHF1359 |
| 245 | 0 | 0 |
_aInternational economic issues : _bcontributions by the Commonwealth, 1975-1990. |
| 260 |
_aLondon : _bCommonwealth Secretariat, _c1990. |
||
| 300 |
_axi, 270 p. ; _c22 cm. |
||
| 500 | _aIncludes index. | ||
| 650 | 0 |
_aCommonwealth countries _xEconomic conditions. |
|
| 650 | 0 | _aInternational economic relations. | |
| 907 |
_a.b10084204 _b25-07-03 _c23-07-03 |
||
| 003 | |||
| 005 | 20230123133353.0 | ||
| 040 | _cNUST | ||
| 942 |
_cBOOKS _kHF1359 |
||
| 999 |
_c147410 _d147410 |
||